Colección Trotamundos

Saved in:
Bibliografiske detaljer
Institution som forfatter: Ministerio de Educación (Author)
Format: Bog
Sprog:spansk
Udgivet: Santiago Arrayan 1989
Udgivelse:2a. ed
Serier:8, a partir de 13 años
Fag:
Tags: Tilføj Tag
Ingen Tags, Vær først til at tagge denne postø!

MARC

LEADER 00000nam a2200000 a 4500
001 UCH6766
003 CL-VaPUC
008 091109e19890000CL |||||||||||||||||spa|d
020 |a 9562400564 
082 0 4 |a 808.068  |b MIN  |2 21 
110 2 |a Ministerio de Educación  |e author  |9 543357 
245 1 0 |a Colección Trotamundos 
250 |a 2a. ed 
300 |a 143 p 
942 |c BK 
945 |d 20091109 00:00:00  |a ccalabra 
260 |a Santiago  |b Arrayan  |c 1989 
500 |a <Las >manzanas de la vida eterna; la novela del contrabajo; Quetzalcóatl; el mejor cuento de andersen: su propia vida; la leyenda del rey arturo; el mundo de la publicidad; Macbeth; el escorpión y la luna; montes, pájaros y amigos 
650 0 |a Literatura  |9 259151 
650 0 |a Literatura infantil   |9 307465 
650 0 |a Cuentos infantiles  |9 308044 
650 0 |a Narrativa  |9 336727 
650 0 |a Educación  |9 258661 
650 0 |a Lectura  |9 307634 
650 0 |a Ficción   |9 376687 
650 0 |a Literatura juvenil   |9 309909 
583 |a last modification  |c 20091109 00:00:00  |k Rodrigo Vera 
490 0 |a 8, a partir de 13 años 
999 |c 337592  |d 337590